Normal view
MARC view
- Ahmad Shamsul Abd Aziz
Entry Personal Name
001 - CONTROL NUMBER
- control field: 495
003 - CONTROL NUMBER IDENTIFIER
- control field: OSt
005 - DATE AND TIME OF LATEST TRANSACTION
- control field: 20170427085500.0
008 - FIXED-LENGTH DATA ELEMENTS
- fixed length control field: 170427|| aca||aabn | a|a d
040 ## - CATALOGING SOURCE
- Original cataloging agency: OSt
- Transcribing agency: OSt
100 ## - HEADING--PERSONAL NAME
- Personal name: Ahmad Shamsul Abd Aziz
670 ## - SOURCE DATA FOUND
- Source citation: Work cat.: (OSt)0: Ahmad Shamsul Abd Aziz, Undang-undang gangguan seksual di Malaysia /, 2005

PORTAL AKMAL
E-MEL JKDM
AKMAL2U
G-BAM
u-PUSTAKA